Doctor Who: the space museum
Gardado en:
| Autor Principal: | |
|---|---|
| Formato: | Libro |
| Idioma: | inglés |
| Publicado: |
Londres
Target Book
1987
|
| Edición: | 1a. ed |
| Series: | Doctor Who Library, 117
|
| Subjects: | |
| Tags: |
Engadir etiqueta
Sen Etiquetas, Sexa o primeiro en etiquetar este rexistro!
|
MARC
| LEADER | 00000cam a2200000 a 4500 | ||
|---|---|---|---|
| 001 | UCF5093 | ||
| 003 | CL-VaPUC | ||
| 008 | 130117e19870000UK |||||||||||||||||eng|d | ||
| 020 | |a 0426202538 | ||
| 082 | 0 | 4 | |a 823 |b JON |2 21 |
| 100 | 0 | |a Jones, Glyn |e author |9 566813 | |
| 245 | 1 | 0 | |a Doctor Who: the space museum |
| 250 | |a 1a. ed | ||
| 300 | |a 142 p | ||
| 942 | |c BK | ||
| 945 | |d 20130117 00:00:00 |a cmena | ||
| 260 | |a Londres |b Target Book |c 1987 | ||
| 500 | |a Based on the BBC Television series by Glyn Jones by arrangement with the British Broadcasting Corporation | ||
| 650 | 0 | |a Novelas inglesas |9 265220 | |
| 650 | 0 | |a Literatura juvenil |9 309909 | |
| 650 | 0 | |a Ciencia ficción |9 314542 | |
| 583 | |a last modification |c 20130117 11:37:00 |k Rodrigo Vera | ||
| 490 | 0 | |a Doctor Who Library, 117 | |
| 999 | |c 350706 |d 350704 | ||
| 952 | |0 0 |1 0 |4 0 |6 823_000000000000000_JON_1987 |7 0 |8 A |9 454280 |a BIBEDU |b BIBEDU |d 2019-11-22 |i 4935438 |o 823 JON 1987 |p 4935438 |r 2019-11-22 |w 2019-11-22 |y BK |k LIT | ||